000 00619nam a22001817a 4500
003 OSt
005 20251201113819.0
008 251201b |||||||| |||| 00| 0 eng d
020 _a971-8510-41-9.
040 _aDWCL-Main lib
_cOC
082 _23rd ed.
_aRes. 510 B554e 1997
100 _aBesavilla, Venancio I., Jr.
245 _aEngineering mathematics Vol. 1, 3rd ed.
_cBesavilla, Venancio I., Jr.
260 _aCebu City :
_bVIB Publisher,
_cc1997.
300 _a998 pages :
_billustration ;
_c22 cm.
650 _21. Mathematics-Engineering-Examinations, questions, etc.
942 _2ddc
_cBK-0 CIRC
_e3rd ed.
_kRes.
_n0
999 _c6646
_d6646